<?xml version="1.0" encoding="UTF-8" ?>
<collection xmlns="http://www.loc.gov/MARC21/slim"><record><leader>01782nam a2200373   4500</leader><controlfield tag="001">232288</controlfield><controlfield tag="003">CH-000273-5</controlfield><controlfield tag="005">20260304123311.0</controlfield><datafield tag="020" ind1=" " ind2=" "><subfield code="a">978-3-7774-4748-3</subfield></datafield><datafield tag="040" ind1=" " ind2=" "><subfield code="a">CH-000273-5</subfield><subfield code="b">ger</subfield><subfield code="e">rda</subfield></datafield><datafield tag="041" ind1=" " ind2=" "><subfield code="a">ger</subfield></datafield><datafield tag="041" ind1=" " ind2=" "><subfield code="a">eng</subfield></datafield><datafield tag="100" ind1="1" ind2=" "><subfield code="a">Rops, Félicien</subfield><subfield code="d">1833-1898</subfield><subfield code="e">Künstler</subfield><subfield code="4">art</subfield></datafield><datafield tag="245" ind1="1" ind2="0"><subfield code="a">Félicien Rops</subfield><subfield code="b">Laboratorium der Lüste</subfield><subfield code="c">Jonas Beyer, Daan van Heesch ; mit Beiträgen von/with contributions from Juliane Au, Anastasia Belyaeva, Jonas Beyer, Elisabeth Bronfen, Véronique Carpiaux, Daan van Heesch ; die Ausstellung ist in enger Zusammenarbeit mit der Königlichen Bibliothek Belgiens (KBR) erarbeitet worden/the exhibition has been conceived in close collaboration with the Royal Library of Belgium (KBR)</subfield></datafield><datafield tag="264" ind1=" " ind2="1"><subfield code="a">München</subfield><subfield code="b">Hirmer</subfield><subfield code="c">[2026]</subfield></datafield><datafield tag="300" ind1=" " ind2=" "><subfield code="a">208 Seiten</subfield><subfield code="c">27 cm</subfield></datafield><datafield tag="336" ind1=" " ind2=" "><subfield code="a">Text</subfield><subfield code="b">txt</subfield><subfield code="2">rdacontent</subfield></datafield><datafield tag="336" ind1=" " ind2=" "><subfield code="a">unbewegtes Bild</subfield><subfield code="b">sti</subfield><subfield code="2">rdacontent</subfield></datafield><datafield tag="337" ind1=" " ind2=" "><subfield code="a">ohne Hilfsmittel zu benutzen</subfield><subfield code="b">n</subfield><subfield code="2">rdamedia</subfield></datafield><datafield tag="338" ind1=" " ind2=" "><subfield code="a">Band</subfield><subfield code="b">nc</subfield><subfield code="2">rdacarrier</subfield></datafield><datafield tag="546" ind1=" " ind2=" "><subfield code="a">Paralleltext deutsch und englisch</subfield></datafield><datafield tag="600" ind1="1" ind2="7"><subfield code="a">Rops, Félicien</subfield><subfield code="d">1833-1898</subfield><subfield code="x">Erotik</subfield><subfield code="g">Motiv</subfield><subfield code="2">gnd</subfield></datafield><datafield tag="655" ind1=" " ind2="7"><subfield code="a">Ausstellungskatalog </subfield><subfield code="x">Kunsthaus Zürich </subfield><subfield code="y">06.03.2026-31.05.2026 </subfield><subfield code="z">Zürich</subfield><subfield code="2">gnd-content</subfield></datafield><datafield tag="655" ind1=" " ind2="7"><subfield code="a">Bildband</subfield><subfield code="2">gnd-content</subfield></datafield><datafield tag="700" ind1="1" ind2=" "><subfield code="a">Beyer, Jonas</subfield><subfield code="d">1981-</subfield><subfield code="e">Herausgeber</subfield><subfield code="4">edt</subfield></datafield><datafield tag="700" ind1="1" ind2=" "><subfield code="a">Heesch, Daan van</subfield><subfield code="d">1992-</subfield><subfield code="e">Herausgeber</subfield><subfield code="4">edt</subfield></datafield><datafield tag="700" ind1="1" ind2=" "><subfield code="a">Au, Juliane</subfield><subfield code="e">Verfasser</subfield><subfield code="4">aut</subfield></datafield><datafield tag="700" ind1="1" ind2=" "><subfield code="a">Belyaeva, Anastasia</subfield><subfield code="e">Verfasser</subfield><subfield code="4">aut</subfield></datafield><datafield tag="700" ind1="1" ind2=" "><subfield code="a">Bronfen, Elisabeth</subfield><subfield code="d">1958-</subfield><subfield code="e">Verfasser</subfield><subfield code="4">aut</subfield></datafield><datafield tag="700" ind1="1" ind2=" "><subfield code="a">Carpiaux, Véronique</subfield><subfield code="e">Verfasser</subfield><subfield code="4">aut</subfield></datafield><datafield tag="710" ind1="2" ind2=" "><subfield code="a">Kunsthaus Zürich</subfield><subfield code="e">Gastgebende Institution</subfield><subfield code="4">his</subfield></datafield><datafield tag="710" ind1="2" ind2=" "><subfield code="a">Zürcher Kunstgesellschaft</subfield><subfield code="e">Herausgebendes Organ</subfield><subfield code="4">isb</subfield></datafield><datafield tag="710" ind1="2" ind2=" "><subfield code="a">Bibliothèque royale de Belgique</subfield><subfield code="e">Mitwirkender</subfield><subfield code="4">ctb</subfield></datafield><datafield tag="852" ind1="4" ind2=" "><subfield code="a">CH-000273-5</subfield><subfield code="c">C 2026/0082</subfield></datafield></record></collection>